Top Cigarette Brands - Statistics

General Stats
  • This quiz has been taken 923 times
  • The average score is 3 of 10
Answer Stats
Hint Answer % Correct
2 Camel
81%
5 Lucky Strike
48%
10 Winston
41%
1 Malboro
40%
7 Pall Mall
37%
3 New Port
29%
4 Parliament
13%
6 Kool
12%
9 West
10%
8 Akhtamar
0%
No matching quizzes found
Score Distribution
Percent of People with Each Score
Percentile by Number Answered
Your Score History
You have not taken this quiz